La actividad pesquera en la economía mundial /
A lo largo de la segunda mitad del siglo XX, la explotación de los recursos pesqueros se ha intensificado de manera considerable y la situación mundial de esta actividad a principios del siglo XXI requiere de un análisis detallado que valore las condiciones específicas actuales. En tal medida este a...
Uloženo v:
| Hlavní autor: | |
|---|---|
| Další autoři: | , |
| Médium: | Text |
| Témata: | |
| Tagy: |
Přidat tag
Žádné tagy, Buďte první, kdo vytvoří štítek k tomuto záznamu!
|
MARC
| LEADER | 00000 a a2200000 04500 | ||
|---|---|---|---|
| 001 | 43336 | ||
| 003 | |||
| 040 | |||
| 100 | |a Garza, M. Dolores | ||
| 245 | |a La actividad pesquera en la economía mundial / |c M. Dolores Garza ; Manuel Varela ; Gonzalo Caballero | ||
| 500 | |a gcaballero@uvigo.es | ||
| 520 | |a A lo largo de la segunda mitad del siglo XX, la explotación de los recursos pesqueros se ha intensificado de manera considerable y la situación mundial de esta actividad a principios del siglo XXI requiere de un análisis detallado que valore las condiciones específicas actuales. En tal medida este artículo analiza la evolución de la producción pesquera en términos globales, así como las tendencias de consumo de productos pesqueros y los flujos mundiales de comercio pesquero. | ||
| 590 | |a RRH/AGOSTO2012 | ||
| 650 | |a COMERCIO INTERNACIONAL | ||
| 650 | |a PESCA | ||
| 650 | |a ECONOMIA MUNDIAL | ||
| 650 | |a RECURSOS MARINOS | ||
| 650 | |a CONSUMO | ||
| 700 | |a Varela, Manuel | ||
| 700 | |a Caballero, Gonzalo | ||
| 773 | |g volumen60, número3 (2010), páginas 179-194 | ||
| 999 | |c 21381 |d 21381 | ||
